[Event "GpA"]
[Site "Dortmund GER"]
[Date "2004.07.22"]
[Round "1"]
[White "Anand,V"]
[Black "Naiditsch,A"]
[Result "1/2-1/2"]
[WhiteElo "2782"]
[BlackElo "2574"]
[EventDate "2004.07.22"]

1. e4 e5 2. Nf3 Nc6 3. Bb5 a6 4. Ba4 Nf6 5. O-O Be7 6. Re1 b5 7. Bb3 O-O 8.
a4 b4 9. d4 d6 10. dxe5 Nxe5 11. Nbd2 Nxf3+ 12. Nxf3 Bb7 13. e5 Nd7 14. e6
fxe6 15. Bxe6+ Kh8 16. Bd5 c6 17. Ba2 c5 18. Bd5 Bxd5 19. Qxd5 Nb6 20. Qe6
Bf6 21. a5 Nd7 22. Qd5 Ne5 23. Nd2 Ng4 24. Nf3 Ne5 25. Nd2 Ng4 1/2-1/2

[Event "GpB"]
[Site "Dortmund GER"]
[Date "2004.07.23"]
[Round "2"]
[White "Kramnik,V"]
[Black "Leko,P"]
[Result "1/2-1/2"]
[WhiteElo "2770"]
[BlackElo "2741"]
[EventDate "2004.07.22"]

1. d4 Nf6 2. c4 e6 3. Nf3 b6 4. g3 Ba6 5. b3 Bb4+ 6. Bd2 Be7 7. Bg2 c6 8.
Bc3 d5 9. Ne5 Nfd7 10. Nxd7 Nxd7 11. Nd2 O-O 12. O-O Nf6 13. e4 b5 14. exd5
exd5 15. Re1 Rb8 16. c5 Bc8 17. Nf3 Ne4 18. Ne5 Nxc3 19. Qd3 Qc7 20. Qxc3
Re8 21. a4 b4 22. Qf3 Bf8 23. Re3 f6 24. Nd3 Rxe3 25. fxe3 a5 26. e4 Be6
27. Qf4 Qd8 28. e5 Rb7 29. exf6 Qxf6 30. Qxf6 1/2-1/2